000 00319 a2200133 4500
001 48141
040 _cAnchieta - Aquarius
100 _aGalrão, Martha
240 1 0 _aConvivendo com as diferenças
_lpor
245 1 0 _aConvivendo com as diferenças
300 _a25
650 4 _aLiteratura infanto-juvenil
942 _cBK
999 _c48141
_d48141